Cultural anthropophagy : (Record no. 830)

MARC details
000 -LEADER
campo de control de longitud fija 01535cam a2200445Ii 4500
001 - NÚMERO DE CONTROL
campo de control 11691497
005 - FECHA Y HORA DE LA ÚLTIMA TRANSACCIÓN
campo de control 20220326193341.0
008 - DATOS DE LONGITUD FIJA--INFORMACIÓN GENERAL
campo de control de longitud fija 150825t20152015enkae b 001 0 eng d
020 ## - NÚMERO INTERNACIONAL ESTÁNDAR DEL LIBRO
ISBN cancelado o inválido 9781846381495
020 ## - NÚMERO INTERNACIONAL ESTÁNDAR DEL LIBRO
Número Internacional Estándar del Libro 9783863355548
020 ## - NÚMERO INTERNACIONAL ESTÁNDAR DEL LIBRO
Número Internacional Estándar del Libro 3863355547
024 ## - IDENTIFICADOR DE OTROS ESTÁNDARES
Número estándar o código 40025414481
035 ## - NÚMERO DE CONTROL DEL SISTEMA
Número de control de sistema (OCoLC)ocn920834732
035 ## - NÚMERO DE CONTROL DEL SISTEMA
Número de control de sistema (OCoLC)920834732
040 ## - FUENTE DE CATALOGACIÓN
Centro catalogador/agencia de origen NLE
Lengua de catalogación eng
Normas de descripción rda
Centro/agencia transcriptor NLE
Centro/agencia modificador YDXCP
-- SFMMA
-- NhCcYBP
082 04 - NÚMERO DE LA CLASIFICACIÓN DECIMAL DEWEY
Número de clasificación 700.74
Número de ítem L176c
245 00 - MENCIÓN DEL TÍTULO
Título Cultural anthropophagy :
Resto del título the 24th Bienal de São Paulo 1998 /
Mención de responsabilidad, etc. Lisette Lagnado and Pablo Lafuente (editors).
300 ## - DESCRIPCIÓN FÍSICA
Extensión 295 págs :
Otras características físicas ill. (some col.), plans ;
Dimensiones 22 cm.
490 1# - MENCIÓN DE SERIE
Mención de serie Exhibition histories
504 ## - NOTA DE BIBLIOGRAFÍA, ETC.
Nota de bibliografía, etc. Includes bibliographical references and index.
611 20 - PUNTO DE ACCESO ADICIONAL DE MATERIA--NOMBRE DE REUNIÓN/CONGRESO
Nombre de congreso/reunión o jurisdicción como elemento de entrada Bienal Internacional de São Paulo
Número del congreso/reunión o número de parte o sección (24th :
Fecha del congreso o de la firma del tratado 1998)
9 (RLIN) 4517
650 ## - PUNTO DE ACCESO ADICIONAL DE MATERIA--TÉRMINO DE MATERIA
Término de materia o nombre geográfico como elemento de entrada Arte Moderno
9 (RLIN) 145
650 ## - PUNTO DE ACCESO ADICIONAL DE MATERIA--TÉRMINO DE MATERIA
Término de materia o nombre geográfico como elemento de entrada Bienal 24va
Subdivisión cronológica 1998
Subdivisión geográfica São Paulo
9 (RLIN) 4518
650 ## - PUNTO DE ACCESO ADICIONAL DE MATERIA--TÉRMINO DE MATERIA
Término de materia o nombre geográfico como elemento de entrada Práctica curatorial
9 (RLIN) 4519
650 ## - PUNTO DE ACCESO ADICIONAL DE MATERIA--TÉRMINO DE MATERIA
Término de materia o nombre geográfico como elemento de entrada Arte
Subdivisión geográfica Brasil
9 (RLIN) 4520
700 1# - ENTRADA AGREGADA--NOMBRE PERSONAL
Nombre de persona Lafuente, Pablo,
Término indicativo de función/relación editor.
9 (RLIN) 4521
700 1# - ENTRADA AGREGADA--NOMBRE PERSONAL
Nombre de persona Lagnado, Lisette,
Fechas asociadas al nombre 1961-
Término indicativo de función/relación editor.
9 (RLIN) 4522
700 1# - ENTRADA AGREGADA--NOMBRE PERSONAL
Nombre de persona Marins de Oliveira, Mirtes
9 (RLIN) 4523
700 1# - ENTRADA AGREGADA--NOMBRE PERSONAL
Nombre de persona Mörsch, Carmen
9 (RLIN) 4524
700 1# - ENTRADA AGREGADA--NOMBRE PERSONAL
Nombre de persona Seefranz, Catrin
9 (RLIN) 4525
700 1# - ENTRADA AGREGADA--NOMBRE PERSONAL
Nombre de persona Sztutman, Renato
9 (RLIN) 4526
700 1# - ENTRADA AGREGADA--NOMBRE PERSONAL
Nombre de persona Fraser, Andrea
9 (RLIN) 4527
700 1# - ENTRADA AGREGADA--NOMBRE PERSONAL
Nombre de persona Morris, David
9 (RLIN) 4528
700 1# - ENTRADA AGREGADA--NOMBRE PERSONAL
Nombre de persona Andrade, Oswald de
9 (RLIN) 4529
700 1# - ENTRADA AGREGADA--NOMBRE PERSONAL
Nombre de persona Herkenhoff, Paulo
9 (RLIN) 3073
700 1# - ENTRADA AGREGADA--NOMBRE PERSONAL
Nombre de persona Ellegaard, Line
9 (RLIN) 4530
700 1# - ENTRADA AGREGADA--NOMBRE PERSONAL
Nombre de persona Dias & Riedweg
9 (RLIN) 2750
830 #0 - PUNTO DE ACCESO ADICIONAL DE SERIE-TÍTULO UNIFORME
Título uniforme Exhibition histories.
9 (RLIN) 4101
948 1# - PROCESAMIENTO DE INFORMACIÓN LOCAL (OCLC); DESIGNADOR DE PARTE DE LA SERIE (RLIN)
Designador de la parte de la serie, SPT (RLIN) 20160119
b (OCLC) c
c (OCLC) pg2032
d (OCLC) MPS
Holdings
Estatus retirado Estado de pérdida Fuente del sistema de clasificación o colocación Estado de daño No para préstamo Biblioteca de origen Biblioteca actual Ubicación en estantería Fecha de adquisición Total de préstamos Signatura topográfica completa Código de barras Visto por última vez Precio de reemplazo Tipo de ítem Koha
    Clasificación Decimal Dewey     Biblioteca LadoV Biblioteca LadoV   25/01/2016   700.74 L176c 004129 25/01/2016 25/01/2016 Material 01